000
00230nam a22000857a 4500
008
160916b xxu||||| |||| 00| 0 eng d
100
_9
594
_a
Gupta.K.K.etal
245
_a
Every Day Science-6
260
_a
New Delhi
_b
Frank publications
_c
2012
999
_c
3250
_d
3250